Business economics : (Record no. 40090)

MARC details
000 -LEADER
fixed length control field 00752nam a22002177a 4500
005 - DATE AND TIME OF LATEST TRANSACTION
control field 20100807143047.0
010 ## - LCCN (DPL NO)
LC control number ENG-98796
020 ## - INTERNATIONAL STANDARD BOOK NUMBER
International Standard Book Number 9789380060041
Terms of availability 120.00
035 ## - SYSTEM CONTROL NUMBER
System control number EN-82328
037 ## - SOURCE OF ACQUISITION
Source of stock number/acquisition DBAD/PUB
082 ## - DEWEY DECIMAL CLASSIFICATION NUMBER
Classification number 338.7
100 ## - MAIN ENTRY--PERSONAL NAME
Personal name Sakthivel, A.
245 ## - TITLE STATEMENT
Title Business economics :
Statement of responsibility, etc by A.Sakthivel
Remainder of title for B.A,B.Com. and B.B.A Courses /
260 ## - PUBLICATION, DISTRIBUTION, ETC. (IMPRINT)
Place of publication, distribution, etc salem
Name of publisher, distributor, etc M.S.K Publications
Date of publication, distribution, etc 2009
270 ## - ADDRESS
Address 3/189-E,Athanoor Ammaan Kovi St.,Masinayaganpatti
City salem
300 v# - PHYSICAL DESCRIPTION
Extent 201p.:
Dimensions 23cm (pbk)
Other physical details ill.
700 ## - ADDED ENTRY--PERSONAL NAME
9 (RLIN) 8297
700 ## - ADDED ENTRY--PERSONAL NAME
9 (RLIN) 8298
942 ## - ADDED ENTRY ELEMENTS (KOHA)
Source of classification or shelving scheme Dewey Decimal Classification
Item type English Books
Classification part 338.7
Call number suffix SAK
Holdings
Withdrawn status Lost status Not for loan Collection code Home library Current library Date acquired Source of acquisition Cost, normal purchase price Full call number Barcode Copy number Cost, replacement price Koha item type
    Not For Loan Non-fiction D.B.Act.Division D.B.Act.Division 07/08/2010 DBAD/PUB 120.00 338.7 SAK EN-82328 1 120.00 English Books

© Delhi Public Library
Hit Counter
free hit counter